00313nam a2200121Ia 4500008004100000041000800041082001200049100003000061245003400091260003500125300002400160365000700184240624s9999 xx 000 0 und d aeng a823 MAR aBY MARQUEZ GABRIEL GARCIA aCHRONICLE OF A DEATH FORETOLD c1982aNew DelhibPenguin Books a122 : p. : cm. ; 20 cRS